00219nam a2200085Ia 4500008004100000245004200041260002200083440000600105521002200111140130s9999 xx 000 0 und d cJustine KormanaTonka! Highway Trucks bScholastic,c1998 v1 aGrade 3 - Grade 4